Biggest Cities Sweden - Statistics

General Stats
  • This quiz has been taken 19 times
  • The average score is 7 of 10
Answer Stats
Rank City % Correct
2 Gothenburg
100%
1 Stockholm
100%
3 Malmö
89%
4 Uppsala
83%
9 Jönköping
56%
6 Linköping
56%
10 Norrköping
56%
8 Västerås
56%
5 Helsingborg
50%
7 Örebro
44%
No matching quizzes found
Score Distribution
Percent of People with Each Score
Percentile by Number Answered
Your Score History
You have not taken this quiz